| 000 | 00355nam a2200121Ia 4500 | ||
|---|---|---|---|
| 008 | 230717s9999 xx 000 0 und d | ||
| 020 | _a81-86030-07-7 | ||
| 041 | _aeng | ||
| 082 |
_a346.015 _bAHM |
||
| 100 | _aAhmad F | ||
| 245 | _aTriple Talaq : An Analytical Study With Emphasis On Socio-legal Aspects | ||
| 260 |
_aNew Delhi _bRegency Publications _c1994 |
||
| 999 |
_c671342 _d671342 |
||